Normal view
MARC view
- Catherine E. Housecroft, A. G. Sharpe
Entry Personal Name
001 - CONTROL NUMBER
- control field: 134205
003 - CONTROL NUMBER IDENTIFIER
- control field: NUST
005 - DATE AND TIME OF LATEST TRANSACTION
- control field: 20260417164124.0
008 - FIXED-LENGTH DATA ELEMENTS
- fixed length control field: 260417|| aca||aabn | a|a d
040 ## - CATALOGING SOURCE
- Original cataloging agency: NUST
- Transcribing agency: NUST
100 ## - HEADING--PERSONAL NAME
- Personal name: Catherine E. Housecroft, A. G. Sharpe
- Dates associated with a name: 2012
670 ## - SOURCE DATA FOUND
- Source citation: Work cat.: (NUST): Catherine E. Housecroft, A. G. Sharpe 2012, Inorganic Chemistry, 2012
